LEADER 01617nam0 22002891i 450 001 VAN0053255 005 20060925120000.0 010 $a88-7988-922-2 100 $a20060925d1998 |0itac50 ba 101 $aita 102 $aIT 105 $a|||| ||||| 200 1 $aˆIl ‰papato duecentesco e gli ordini mendicanti$eatti del 25. Convegno internazionale, Assisi, 13-14 febbraio 1998$fSocietā internazionale di studi francescani, Centro interuniversitario di studi francescani 210 $aSpoleto$cCentro italiano di studi sull'Alto Medioevo$d1998 215 $aX, 377 p.$d23 cm. 410 1$1001VAN0053258$12001 $aAtti dei convegni della Societā internazionale di studi francescani e del Centro interuniversitario di studi francescani. N.S$1210 $aSpoleto$cCentro italiano di studi sull'alto Medioevo$d1992-.$v8 620 $dSpoleto$3VANL000143 710 02$aSocietā internazionale di studi francescani$3VANV042019$0167009 711 02$aCentro interuniversitario di studi francescani$3VANV042020$0167010 712 $aCentro italiano di studi sull'alto Medioevo$3VANV108396$4650 791 02$aSocieta internazionale di studi francescani$zSocietā internazionale di studi francescani$3VANV055214 801 $aIT$bSOL$c20230616$gRICA 899 $aBIBLIOTECA DEL DIPARTIMENTO DI LETTERE E BENI CULTURALI$1IT-CE0103$2VAN07 912 $aVAN0053255 950 $aBIBLIOTECA DEL DIPARTIMENTO DI LETTERE E BENI CULTURALI$d07CONS D Assisi 1998 $e07DP 2863 20060925 996 $aPapato duecentesco e gli ordini mendicanti$9482318 997 $aUNICAMPANIA LEADER 02092nam0 22004693i 450 001 VAN00229598 005 20250312033217.710 017 70$2N$a9783030602352 100 $a20211020d2020 |0itac50 ba 101 $aeng 102 $aCH 105 $a|||| ||||| 181 $ai$b e 182 $ab 200 1 $aOptical Whispering Gallery Modes for Biosensing$eFrom Physical Principles to Applications$fFrank Vollmer, Deshui Yu 210 $aCham$cSpringer$d2020 215 $axiii, 416 p.$cill.$d24 cm 410 1$1001VAN00108744$12001 $aBiological and Medical Physics, Biomedical Engineering$1210 $aBerlin [etc.]$cSpringer$d1997- 500 1$3VAN00229601$aOptical Whispering Gallery Modes for Biosensing$92919472 606 $a00A79 (77-XX)$xPhysics [MSC 2020]$3VANC023182$2MF 606 $a92C05$xBiophysics [MSC 2020]$3VANC020842$2MF 606 $a92Cxx$xPhysiological, cellular and medical topics [MSC 2020]$3VANC024650$2MF 610 $aBiomedical Diagnostics$9KW:K 610 $aBiomolecular Interactions$9KW:K 610 $aBiosensing for Clinical Diagnostics$9KW:K 610 $aIntegrated Photonics$9KW:K 610 $aLocalized Surface Plasmon Resonances$9KW:K 610 $aMicroresonators$9KW:K 610 $aMicrosystem Biodetection Technology$9KW:K 610 $aOptical Resonators$9KW:K 620 $aCH$dCham$3VANL001889 700 1$aVollmer$bFrank$3VANV191839$0843496 701 1$aYu$bDeshui$3VANV191840$0843497 712 $aSpringer $3VANV108073$4650 801 $aIT$bSOL$c20250314$gRICA 856 4 $uhttp://doi.org/10.1007/978-3-030-60235-2$zE-book ? Accesso al full-text attraverso riconoscimento IP di Ateneo, proxy e/o Shibboleth 899 $aBIBLIOTECA DEL DIPARTIMENTO DI MATEMATICA E FISICA$1IT-CE0120$2VAN08 912 $fN 912 $aVAN00229598 950 $aBIBLIOTECA DEL DIPARTIMENTO DI MATEMATICA E FISICA$d08DLOAD e-book 4313 $e08eMF4313 20211020 996 $aOptical Whispering Gallery Modes for Biosensing$92919472 997 $aUNICAMPANIA